Obálka Náhled e-knihy:
PDF Epub
Pro půjčování e-knih musíte být přihlášeni.
Jak si půjčit online?

Klub Klikařů. Boj o Krkavec /

Úvodní kniha série dobrodružných příběhů party kamarádů.

Uloženo v:
Série:Klub Klikařů, část 1
Hlavní autor: Matějka, Vít Martin, 1982- (Autor)
Další autoři: Kratochvíl, Jaroslav, 1993- (Autor)
Médium: E-kniha
Jazyk:Czech
Vydáno: V Praze : Fragment, 2022
Vydání:1. vydání
Témata:
Příbuzné jednotky:Z cyklu:: Klub Klikařů
Tagy:
Žádné tagy
LEADER 02531nam a2200493 i 4500
001 311572
003 CZ PrSKC
005 20260601215707.0
007 ta
008 220526s2022 xr a c 000 j cze
015 |a cnb003423559 
020 |a 9788025358016  |q (vázáno) :  |c Kč 299,00 
035 |a (OCoLC)1335743398 
040 |a ABG001  |b cze  |e rda 
072 7 |a 821.162.3-3  |x Česká próza  |2 Konspekt 
072 7 |a 821-93  |x Literatura pro děti a mládež (beletrie)  |2 Konspekt 
080 |a 821.162.3-32  |2 MRF 
080 |a 821-93  |2 MRF 
080 |a (0:82-321.3)  |2 MRF 
100 1 |a Matějka, Vít Martin,  |d 1982-  |7 xx0117796  |4 aut 
245 1 0 |a Klub Klikařů.  |p Boj o Krkavec /  |c Vít Martin Matějka ; ilustroval Jaroslav Kratochvíl 
246 3 0 |a Boj o Krkavec 
250 |a 1. vydání 
264 1 |a V Praze :  |b Fragment,  |c 2022 
300 |a 132 stran :  |b ilustrace ;  |c 21 cm 
336 |a text  |b txt  |2 rdacontent 
337 |a bez média  |b n  |2 rdamedia 
338 |a svazek  |b nc  |2 rdacarrier 
520 2 |a Úvodní kniha série dobrodružných příběhů party kamarádů.  |b Krkavec, na první pohled obyčejný kopec se starou rozhlednou a televizní věží kousek za Plzní, kdysi býval oblíbeným cílem výletů, ale teď tam nikdo nesmí. Přesto není opuštěný. Z Krkavce často sjíždí bílý mercedes s muži, kteří po něčem pátrají. Podezřelé dění kolem kopce svede dohromady Lukáše, Jirku a Šárku. Dokážou se společně postavit hrozbě, která se na celé město řítí? Nakladatelská anotace. Kráceno. 
521 8 |a Pro čtenáře od 9 let 
655 7 |a české příběhy  |7 fd133973  |2 czenas 
655 7 |a dobrodružné příběhy  |7 fd132060  |2 czenas 
655 7 |a publikace pro děti  |7 fd133156  |2 czenas 
655 9 |a Czech stories  |2 eczenas 
655 9 |a adventure stories  |2 eczenas 
655 9 |a children's literature  |2 eczenas 
700 1 |a Kratochvíl, Jaroslav,  |d 1993-  |7 xx0313636  |4 ill 
787 0 8 |i Z cyklu:  |t Klub Klikařů  |g 1 
900 |a ABA001  |b 20 
928 9 |a Albatros Media - Fragment 
044 |a xr 
910 |a RBIT002 
998 |d 352443  |a https://core.palmknihy.cz/api/books/352443/cover?si9ysy  |b https://core.palmknihy.cz/api/books/352443/cover/400?si9ysy  |c https://core.palmknihy.cz/api/books/352443/cover/50?si9ysy  |e 2032-12-31  |g 136  |i 9788025358016  |j https://core.palmknihy.cz/api/books/352443/preview.epub  |k https://core.palmknihy.cz/api/books/352443/preview.pdf  |l   |q 49  |r 1  |s https://www.palmknihy.cz/kniha/352443  |t ebook  |y 2022  |z 0  |v Klub Klikařů  |w 1 
999 |d 311570